The Eensy-Weensy spider / (Record no. 7433)

MARC details
000 -LEADER
fixed length control field 00997nam a22002897a 4500
001 - CONTROL NUMBER
control field 7433
003 - CONTROL NUMBER IDENTIFIER
control field FISKH
005 - DATE AND TIME OF LATEST TRANSACTION
control field 20250715110920.0
008 - FIXED-LENGTH DATA ELEMENTS--GENERAL INFORMATION
fixed length control field 250715b cb ||||| |||| 00| 0 eng d
020 ## - INTERNATIONAL STANDARD BOOK NUMBER
International Standard Book Number 9780439329101
040 ## - CATALOGING SOURCE
Original cataloging agency FISKH
Language of cataloging eng
Transcribing agency FISKH
Modifying agency FISKH
050 ## - LIBRARY OF CONGRESS CALL NUMBER
Classification number PZ8.H66 E
082 ## - DEWEY DECIMAL CLASSIFICATION NUMBER
Classification number 782.421640268
100 ## - MAIN ENTRY--PERSONAL NAME
Personal name Hoberman, Mary Ann
245 ## - TITLE STATEMENT
Title The Eensy-Weensy spider /
Statement of responsibility, etc. by Mary Ann Hoberman ; illustrated by Nadine Bernard Westcott
250 ## - EDITION STATEMENT
Edition statement First Scholastic printing, September 2001
260 ## - PUBLICATION, DISTRIBUTION, ETC.
Place of publication, distribution, etc. New York :
Name of publisher, distributor, etc. Scholastic,
Date of publication, distribution, etc. 2000.
300 ## - PHYSICAL DESCRIPTION
Extent 28 pages :
Other physical details color illustrations ;
Dimensions 22 x 28 cm
505 ## - FORMATTED CONTENTS NOTE
Formatted contents note 420<br/>
520 ## - SUMMARY, ETC.
Summary, etc. An expanded version of the familiar children's song describing what the little spider does after being washed out of the water-spout.
521 8# - TARGET AUDIENCE NOTE
Target audience note 420<br/>
Source Lexile AD<br/>
521 8# - TARGET AUDIENCE NOTE
Target audience note G<br/>
Source Raz-Plus<br/>
650 ## - SUBJECT ADDED ENTRY--TOPICAL TERM
Topical term or geographic name entry element Nursery Rhymes
Form subdivision Bugs
General subdivision Songs
700 ## - ADDED ENTRY--PERSONAL NAME
Personal name Westcott, Nadine Bernard
Relator term illustrator
942 ## - ADDED ENTRY ELEMENTS (KOHA)
Source of classification or shelving scheme Dewey Decimal Classification
Koha item type Books
Suppress in OPAC No
Holdings
Withdrawn status Lost status Source of classification or shelving scheme Damaged status Not for loan Collection Home library Current library Shelving location Date acquired Total Checkouts Full call number Barcode Date last seen Copy number Price effective from Koha item type
    Dewey Decimal Classification     Juvenile Fiction Footprints International School Library Network Toul Kork Campus Footprints International School Library Network Toul Kork Campus TK Primary Library Room(4th Floor), Bookcase 1&2, Shelves 1-16, Dark Blue Books 07/15/2025   HOB 782.421640268 PZ8.H66 E FISTKKA028 07/15/2025 1 07/15/2025 Books